Sevilla Players Since 2014 - Statistics

General Stats
  • This quiz has been taken 27 times
  • The average score is 141 of 331
Answer Stats
% Correct
2023/24 (La Liga - 14th) Croatia CM 35 Ivan Rakitić 27 2
94%
2022/23 (La Liga - 12th) Croatia CM 34 Ivan Rakitić 51 2
94%
2021/22 (La Liga - 4th) Croatia CM 33 Ivan Rakitić 46 7
94%
2020/21 (La Liga - 4th) Croatia CM 32 Ivan Rakitić 50 8
94%
2023/24 (La Liga - 14th) Spain RB 37 Jesús Navas 36
94%
2022/23 (La Liga - 12th) Spain RB 36 Jesús Navas 49
94%
2021/22 (La Liga - 4th) Spain RB 35 Jesús Navas 33
94%
2020/21 (La Liga - 4th) Spain RB 34 Jesús Navas 43
94%
2019/20 (La Liga - 4th) Spain RB 33 Jesús Navas 47
94%
2018/19 (La Liga - 6th) Spain RB 32 Jesús Navas 44 2
94%
2017/18 (La Liga - 7th) Spain RB 31 Jesús Navas 44 2
94%
2023/24 (La Liga - 14th) Morocco GK 32 Yassine Bounou 2
94%
2022/23 (La Liga - 12th) Morocco GK 31 Yassine Bounou 36
94%
2021/22 (La Liga - 4th) Morocco GK 30 Yassine Bounou 41
94%
2020/21 (La Liga - 4th) Morocco GK 29 Yassine Bounou 45 1
94%
2019/20 (La Liga - 4th) Morocco GK 28 Yassine Bounou 18
94%
2023/24 (La Liga - 14th) Morocco ST 26 Youssef En-Nesyri 41 20
94%
2022/23 (La Liga - 12th) Morocco ST 25 Youssef En-Nesyri 48 18
94%
2021/22 (La Liga - 4th) Morocco ST 24 Youssef En-Nesyri 29 5
94%
2020/21 (La Liga - 4th) Morocco ST 23 Youssef En-Nesyri 52 24
94%
2019/20 (La Liga - 4th) Morocco ST 22 Youssef En-Nesyri 26 6
94%
2023/24 (La Liga - 14th) Argentina LW 28 Lucas Ocampos 45 5
89%
2022/23 (La Liga - 12th) Argentina LW 27 Lucas Ocampos 29 5
89%
2021/22 (La Liga - 4th) Argentina LW 26 Lucas Ocampos 42 9
89%
2020/21 (La Liga - 4th) Argentina LW 25 Lucas Ocampos 46 8
89%
2019/20 (La Liga - 4th) Argentina LW 24 Lucas Ocampos 44 17
89%
2023/24 (La Liga - 14th) Argentina LB 31 Marcos Acuña 26 1
89%
2022/23 (La Liga - 12th) Argentina LB 30 Marcos Acuña 45 3
89%
2021/22 (La Liga - 4th) Argentina LB 29 Marcos Acuña 41 1
89%
2020/21 (La Liga - 4th) Argentina LB 28 Marcos Acuña 37 1
89%
2023/24 (La Liga - 14th) Dominican Republic ST 29 Mariano Díaz 13
83%
2018/19 (La Liga - 6th) France ST 27 Wissam Ben Yedder 54 30
83%
2017/18 (La Liga - 7th) France ST 26 Wissam Ben Yedder 42 22
83%
2016/17 (La Liga - 4th) France ST 25 Wissam Ben Yedder 42 18
83%
2014/15 (La Liga - 5th) Colombia ST 27 Carlos Bacca 56 28
78%
2019/20 (La Liga - 4th) Argentina CM 31 Éver Banega 43 3
78%
2018/19 (La Liga - 6th) Argentina CM 30 Éver Banega 51 8
78%
2017/18 (La Liga - 7th) Argentina CM 29 Éver Banega 50 5
78%
2015/16 (La Liga - 7th) Argentina CM 27 Éver Banega 45 9
78%
2014/15 (La Liga - 5th) Argentina CM 26 Éver Banega 49 3
78%
2021/22 (La Liga - 4th) France CB 22 Jules Koundé 44 3
78%
2020/21 (La Liga - 4th) France CB 21 Jules Koundé 49 4
78%
2019/20 (La Liga - 4th) France CB 20 Jules Koundé 40 2
78%
2023/24 (La Liga - 14th) Serbia DM 31 Nemanja Gudelj 30 3
78%
2022/23 (La Liga - 12th) Serbia DM 30 Nemanja Gudelj 53 4
78%
2021/22 (La Liga - 4th) Serbia DM 29 Nemanja Gudelj 28
78%
2020/21 (La Liga - 4th) Serbia DM 28 Nemanja Gudelj 44
78%
2019/20 (La Liga - 4th) Serbia DM 27 Nemanja Gudelj 38
78%
2023/24 (La Liga - 14th) Spain CB 37 Sergio Ramos 37 7
78%
2023/24 (La Liga - 14th) Argentina RB 26 Gonzalo Montiel 1
72%
2022/23 (La Liga - 12th) Argentina RB 25 Gonzalo Montiel 43 1
72%
2021/22 (La Liga - 4th) Argentina RB 24 Gonzalo Montiel 28 1
72%
2023/24 (La Liga - 14th) France CB 23 Loïc Badé 33
72%
2022/23 (La Liga - 12th) France CB 22 Loïc Badé 27 2
72%
2022/23 (La Liga - 12th) Argentina LW 34 Papu Gómez 27 1
72%
2021/22 (La Liga - 4th) Argentina LW 33 Papu Gómez 40 6
72%
2020/21 (La Liga - 4th) Argentina LW 32 Papu Gómez 23 3
72%
2018/19 (La Liga - 6th) Portugal ST 22 André Silva 40 11
67%
2023/24 (La Liga - 14th) Brazil DM 35 Fernando 13
67%
2022/23 (La Liga - 12th) Brazil DM 34 Fernando 36
67%
2021/22 (La Liga - 4th) Brazil DM 33 Fernando 32 1
67%
2020/21 (La Liga - 4th) Brazil DM 32 Fernando 44 3
67%
2019/20 (La Liga - 4th) Brazil DM 31 Fernando 42 3
67%
2015/16 (La Liga - 7th) France ST 28 Kevin Gameiro 52 29
67%
2014/15 (La Liga - 5th) France ST 27 Kevin Gameiro 44 17
67%
2020/21 (La Liga - 4th) Netherlands ST 29 Luuk de Jong 48 9
67%
2019/20 (La Liga - 4th) Netherlands ST 28 Luuk de Jong 46 10
67%
2017/18 (La Liga - 7th) France DM 28 Steven Nzonzi 44 1
67%
2016/17 (La Liga - 4th) France DM 27 Steven Nzonzi 46 3
67%
2015/16 (La Liga - 7th) France DM 26 Steven Nzonzi 46 4
67%
2023/24 (La Liga - 14th) Spain RW 29 Suso 34 1
67%
2022/23 (La Liga - 12th) Spain RW 28 Suso 43 3
67%
2021/22 (La Liga - 4th) Spain RW 27 Suso 12
67%
2020/21 (La Liga - 4th) Spain RW 26 Suso 44 4
67%
2019/20 (La Liga - 4th) Spain RW 25 Suso 23 2
67%
2020/21 (La Liga - 4th) Czech Republic GK 31 Tomáš Vaclík 8
67%
2019/20 (La Liga - 4th) Czech Republic GK 30 Tomáš Vaclík 37
67%
2018/19 (La Liga - 6th) Czech Republic GK 29 Tomáš Vaclík 49
67%
2015/16 (La Liga - 7th) Portugal GK 33 Beto 5
61%
2014/15 (La Liga - 5th) Portugal GK 32 Beto 25
61%
2021/22 (La Liga - 4th) Brazil CB 28 Diego Carlos 45 3
61%
2020/21 (La Liga - 4th) Brazil CB 27 Diego Carlos 46 1
61%
2019/20 (La Liga - 4th) Brazil CB 26 Diego Carlos 45 2
61%
2023/24 (La Liga - 14th) Switzerland CM 26 Djibril Sow 33 1
61%
2023/24 (La Liga - 14th) Belgium RW 25 Dodi Lukebakio 27 5
61%
2015/16 (La Liga - 7th) Poland DM 25 Grzegorz Krychowiak 42 1
61%
2014/15 (La Liga - 5th) Poland DM 24 Grzegorz Krychowiak 48 4
61%
2016/17 (La Liga - 4th) Brazil RB 30 Mariano 43
61%
2015/16 (La Liga - 7th) Brazil RB 29 Mariano 37 1
61%
2021/22 (La Liga - 4th) Morocco RW 25 Munir El Haddadi 25 3
61%
2020/21 (La Liga - 4th) Morocco RW 24 Munir El Haddadi 36 5
61%
2019/20 (La Liga - 4th) Morocco RW 23 Munir El Haddadi 32 10
61%
2018/19 (La Liga - 6th) Morocco RW 22 Munir El Haddadi 20 7
61%
2020/21 (La Liga - 4th) Spain CB 28 Sergi Gómez 16
61%
2019/20 (La Liga - 4th) Spain CB 27 Sergi Gómez 21
61%
2018/19 (La Liga - 6th) Spain CB 26 Sergi Gómez 48
61%
2018/19 (La Liga - 6th) Spain GK 24 Sergio Rico 1
61%
2017/18 (La Liga - 7th) Spain GK 23 Sergio Rico 40
61%
2016/17 (La Liga - 4th) Spain GK 22 Sergio Rico 47
61%
2015/16 (La Liga - 7th) Spain GK 21 Sergio Rico 45
61%
2014/15 (La Liga - 5th) Spain GK 20 Sergio Rico 37
61%
2022/23 (La Liga - 12th) Denmark CM 30 Thomas Delaney 12
61%
2021/22 (La Liga - 4th) Denmark CM 29 Thomas Delaney 35 2
61%
2016/17 (La Liga - 4th) Ukraine LW 26 Yevhen Konoplyanka 2 1
61%
2015/16 (La Liga - 7th) Ukraine LW 25 Yevhen Konoplyanka 52 8
61%
2015/16 (La Liga - 7th) France LB 29 Benoît Trémoulinas 37 1
56%
2014/15 (La Liga - 5th) France LB 28 Benoît Trémoulinas 30
56%
2019/20 (La Liga - 4th) Mexico ST 31 Javier Hernández 15 3
56%
2021/22 (La Liga - 4th) Sweden LB 27 Ludwig Augustinsson 27
56%
2023/24 (La Liga - 14th) Spain CM 28 Óliver Torres 35
56%
2022/23 (La Liga - 12th) Spain CM 27 Óliver Torres 44 3
56%
2021/22 (La Liga - 4th) Spain CM 26 Óliver Torres 38 2
56%
2020/21 (La Liga - 4th) Spain CM 25 Óliver Torres 47
56%
2019/20 (La Liga - 4th) Spain CM 24 Óliver Torres 37 6
56%
2021/22 (La Liga - 4th) Spain GK 24 Javi Díaz 1
50%
2018/19 (La Liga - 6th) Spain GK 21 Javi Díaz 1
50%
2023/24 (La Liga - 14th) Norway GK 32 Ørjan Nyland 28
50%
2019/20 (La Liga - 4th) Spain LB 22 Sergio Reguilón 38 3
50%
2018/19 (La Liga - 6th) Denmark CB 29 Simon Kjær 37
50%
2017/18 (La Liga - 7th) Denmark CB 28 Simon Kjær 27 3
50%
2015/16 (La Liga - 7th) Italy ST 25 Ciro Immobile 15 4
44%
2019/20 (La Liga - 4th) Portugal CB 30 Daniel Carriço 12
44%
2018/19 (La Liga - 6th) Portugal CB 29 Daniel Carriço 38 1
44%
2017/18 (La Liga - 7th) Portugal CB 28 Daniel Carriço 6
44%
2016/17 (La Liga - 4th) Portugal CB 27 Daniel Carriço 10
44%
2015/16 (La Liga - 7th) Portugal CB 26 Daniel Carriço 25 1
44%
2014/15 (La Liga - 5th) Portugal CB 25 Daniel Carriço 45 2
44%
2023/24 (La Liga - 14th) Spain CM 28 Joan Jordán 13
44%
2022/23 (La Liga - 12th) Spain CM 27 Joan Jordán 39 2
44%
2021/22 (La Liga - 4th) Spain CM 26 Joan Jordán 49 1
44%
2020/21 (La Liga - 4th) Spain CM 25 Joan Jordán 50 2
44%
2019/20 (La Liga - 4th) Spain CM 24 Joan Jordán 47 2
44%
2023/24 (La Liga - 14th) Spain RB 19 Juanlu Sánchez 37 1
44%
2021/22 (La Liga - 4th) Spain RB 17 Juanlu Sánchez 2
44%
2016/17 (La Liga - 4th) Spain LW 26 Vitolo 43 6
44%
2015/16 (La Liga - 7th) Spain LW 25 Vitolo 47 5
44%
2014/15 (La Liga - 5th) Spain LW 24 Vitolo 42 9
44%
2016/17 (La Liga - 4th) France CB 30 Adil Rami 33
39%
2015/16 (La Liga - 7th) France CB 29 Adil Rami 46 3
39%
2020/21 (La Liga - 4th) Spain ST 24 Carlos Fernández 7
39%
2017/18 (La Liga - 7th) Spain ST 21 Carlos Fernández 2 1
39%
2016/17 (La Liga - 4th) Spain ST 20 Carlos Fernández 3 1
39%
2015/16 (La Liga - 7th) Spain ST 19 Carlos Fernández 1
39%
2014/15 (La Liga - 5th) Spain ST 18 Carlos Fernández 1
39%
2017/18 (La Liga - 7th) France CB 22 Clément Lenglet 54 4
39%
2016/17 (La Liga - 4th) France CB 21 Clément Lenglet 19
39%
2023/24 (La Liga - 14th) Argentina RW 31 Erik Lamela 19 2
39%
2022/23 (La Liga - 12th) Argentina RW 30 Erik Lamela 49 9
39%
2021/22 (La Liga - 4th) Argentina RW 29 Erik Lamela 24 5
39%
2020/21 (La Liga - 4th) Argentina AM 31 Franco Vázquez 22 1
39%
2019/20 (La Liga - 4th) Argentina AM 30 Franco Vázquez 42 6
39%
2018/19 (La Liga - 6th) Argentina AM 29 Franco Vázquez 52 6
39%
2017/18 (La Liga - 7th) Argentina AM 28 Franco Vázquez 44 5
39%
2016/17 (La Liga - 4th) Argentina AM 27 Franco Vázquez 38 8
39%
2018/19 (La Liga - 6th) Spain LB 17 Javi Vázquez 1
39%
2023/24 (La Liga - 14th) Mexico RW 30 Jesús Corona 2
39%
2022/23 (La Liga - 12th) Mexico RW 29 Jesús Corona 4 1
39%
2021/22 (La Liga - 4th) Mexico RW 28 Jesús Corona 22 2
39%
2023/24 (La Liga - 14th) Serbia GK 31 Marko Dmitrović 19
39%
2022/23 (La Liga - 12th) Serbia GK 30 Marko Dmitrović 25
39%
2021/22 (La Liga - 4th) Serbia GK 29 Marko Dmitrović 9
39%
2018/19 (La Liga - 6th) Spain RW 26 Pablo Sarabia 52 23
39%
2017/18 (La Liga - 7th) Spain RW 25 Pablo Sarabia 53 9
39%
2016/17 (La Liga - 4th) Spain RW 24 Pablo Sarabia 46 11
39%
2018/19 (La Liga - 6th) Netherlands LW 26 Quincy Promes 49 3
39%
2023/24 (La Liga - 14th) Spain ST 26 Rafa Mir 22 3
39%
2022/23 (La Liga - 12th) Spain ST 25 Rafa Mir 36 8
39%
2021/22 (La Liga - 4th) Spain ST 24 Rafa Mir 47 13
39%
2016/17 (La Liga - 4th) France AM 29 Samir Nasri 30 3
39%
2016/17 (La Liga - 4th) Montenegro SS 26 Stevan Jovetić 24 7
39%
2016/17 (La Liga - 4th) France CB 24 Timothée Kolodziejczak 9
39%
2015/16 (La Liga - 7th) France CB 23 Timothée Kolodziejczak 50 1
39%
2014/15 (La Liga - 5th) France CB 22 Timothée Kolodziejczak 32 2
39%
2023/24 (La Liga - 14th) Spain LB 25 Adrià Pedrosa 40 2
33%
2022/23 (La Liga - 12th) Spain LW 21 Bryan Gil 24 2
33%
2020/21 (La Liga - 4th) Spain LW 19 Bryan Gil 1
33%
2019/20 (La Liga - 4th) Spain LW 18 Bryan Gil 7 1
33%
2018/19 (La Liga - 6th) Spain LW 17 Bryan Gil 13 1
33%
2016/17 (La Liga - 4th) Spain RB 19 David Carmona 1
33%
2015/16 (La Liga - 7th) Spain RB 18 David Carmona 1
33%
2017/18 (La Liga - 7th) Spain GK 24 David Soria 20
33%
2016/17 (La Liga - 4th) Spain GK 23 David Soria 3
33%
2015/16 (La Liga - 7th) Spain GK 22 David Soria 13
33%
2015/16 (La Liga - 7th) Argentina CB 28 Federico Fazio 6
33%
2014/15 (La Liga - 5th) Argentina CB 27 Federico Fazio 1
33%
2015/16 (La Liga - 7th) Spain ST 30 Fernando Llorente 36 7
33%
2018/19 (La Liga - 6th) Argentina CB 31 Gabriel Mercado 34 3
33%
2017/18 (La Liga - 7th) Argentina CB 30 Gabriel Mercado 43
33%
2016/17 (La Liga - 4th) Argentina CB 29 Gabriel Mercado 40 3
33%
2023/24 (La Liga - 14th) Spain ST 23 Isaac Romero 16 6
33%
2017/18 (La Liga - 7th) Argentina SS 22 Joaquín Correa 39 7
33%
2016/17 (La Liga - 4th) Argentina SS 21 Joaquín Correa 34 8
33%
2022/23 (La Liga - 12th) Spain RB 20 José Ángel Carmona 15 2
33%
2021/22 (La Liga - 4th) Spain RB 19 José Ángel Carmona 2
33%
2023/24 (La Liga - 14th) Spain CB 21 Kike Salas 28 3
33%
2022/23 (La Liga - 12th) Spain CB 20 Kike Salas 10 1
33%
2016/17 (La Liga - 4th) Argentina ST 22 Luciano Vietto 31 10
33%
2023/24 (La Liga - 14th) Brazil CB 27 Marcão 10 1
33%
2022/23 (La Liga - 12th) Brazil CB 26 Marcão 11
33%
2019/20 (La Liga - 4th) Israel ST 27 Mu'nas Dabbur 9 3
33%
2018/19 (La Liga - 6th) Argentina CB 34 Nicolás Pareja 2
33%
2017/18 (La Liga - 7th) Argentina CB 33 Nicolás Pareja 9
33%
2016/17 (La Liga - 4th) Argentina CB 32 Nicolás Pareja 34 2
33%
2015/16 (La Liga - 7th) Argentina CB 31 Nicolás Pareja 2
33%
2014/15 (La Liga - 5th) Argentina CB 30 Nicolás Pareja 37 1
33%
2019/20 (La Liga - 4th) Spain LW 32 Nolito 20 5
33%
2018/19 (La Liga - 6th) Spain LW 31 Nolito 17 5
33%
2017/18 (La Liga - 7th) Spain LW 30 Nolito 42 5
33%
2021/22 (La Liga - 4th) Spain AM 23 Óscar Rodríguez 15
33%
2020/21 (La Liga - 4th) Spain AM 22 Óscar Rodríguez 29 2
33%
2020/21 (La Liga - 4th) Spain LB 30 Sergio Escudero 14 1
33%
2019/20 (La Liga - 4th) Spain LB 29 Sergio Escudero 21 1
33%
2018/19 (La Liga - 6th) Spain LB 28 Sergio Escudero 31
33%
2017/18 (La Liga - 7th) Spain LB 27 Sergio Escudero 45 3
33%
2016/17 (La Liga - 4th) Spain LB 26 Sergio Escudero 37 1
33%
2015/16 (La Liga - 7th) Spain LB 25 Sergio Escudero 28 1
33%
2023/24 (La Liga - 14th) France CB 21 Tanguy Nianzou 14
33%
2022/23 (La Liga - 12th) France CB 20 Tanguy Nianzou 30 3
33%
2020/21 (La Liga - 4th) Spain RW 30 Aleix Vidal 19
28%
2018/19 (La Liga - 6th) Spain RW 28 Aleix Vidal 21
28%
2014/15 (La Liga - 5th) Spain RW 24 Aleix Vidal 47 6
28%
2021/22 (La Liga - 4th) France ST 25 Anthony Martial 12 1
28%
2022/23 (La Liga - 12th) Spain RW 18 Carlos Álvarez 3 1
28%
2015/16 (La Liga - 7th) Spain RB 28 Coke 42 5
28%
2014/15 (La Liga - 5th) Spain RB 27 Coke 34 2
28%
2015/16 (La Liga - 7th) Spain RW 19 Curro Sánchez 6
28%
2019/20 (La Liga - 4th) Spain DM 21 Genaro Rodríguez 1
28%
2023/24 (La Liga - 14th) Tunisia AM 20 Hannibal Mejbri 6
28%
2022/23 (La Liga - 12th) Spain AM 30 Isco 19 1
28%
2015/16 (La Liga - 7th) Spain RW 31 José Antonio Reyes 34 4
28%
2014/15 (La Liga - 5th) Spain RW 30 José Antonio Reyes 37 5
28%
2023/24 (La Liga - 14th) France DM 21 Lucien Agoumé 13
28%
2015/16 (La Liga - 7th) Spain DM 23 Luismi 2
28%
2014/15 (La Liga - 5th) Spain DM 22 Luismi 1
28%
2018/19 (La Liga - 6th) Colombia ST 27 Luis Muriel 19 4
28%
2017/18 (La Liga - 7th) Colombia ST 26 Luis Muriel 46 9
28%
2017/18 (La Liga - 7th) Denmark CM 34 Michael Krohn-Dehli 19 1
28%
2016/17 (La Liga - 4th) Denmark CM 33 Michael Krohn-Dehli 2
28%
2015/16 (La Liga - 7th) Denmark CM 32 Michael Krohn-Dehli 47 4
28%
2018/19 (La Liga - 6th) Brazil AM 28 Paulo Henrique Ganso 1
28%
2017/18 (La Liga - 7th) Brazil AM 27 Paulo Henrique Ganso 11 4
28%
2016/17 (La Liga - 4th) Brazil AM 26 Paulo Henrique Ganso 16 3
28%
2014/15 (La Liga - 5th) Cameroon DM 28 Stéphane Mbia 36 7
28%
2016/17 (La Liga - 4th) Spain DM 28 Vicente Iborra 44 8
28%
2015/16 (La Liga - 7th) Spain DM 27 Vicente Iborra 47 9
28%
2014/15 (La Liga - 5th) Spain DM 26 Vicente Iborra 41 9
28%
2023/24 (La Liga - 14th) Belgium RW 28 Adnan Januzaj 11
22%
2022/23 (La Liga - 12th) Belgium RW 27 Adnan Januzaj 6
22%
2023/24 (La Liga - 14th) France DM 24 Boubakary Soumaré 34
22%
2014/15 (La Liga - 5th) Spain AM 20 Denis Suárez 46 6
22%
2016/17 (La Liga - 4th) Spain CB 21 Diego González 6
22%
2015/16 (La Liga - 7th) Spain CB 20 Diego González 4 1
22%
2014/15 (La Liga - 5th) Spain LB 32 Fernando Navarro 32
22%
2015/16 (La Liga - 7th) DR Congo AM 24 Gaël Kakuta 5 1
22%
2016/17 (La Liga - 4th) Japan AM 26 Hiroshi Kiyotake 9 1
22%
2022/23 (La Liga - 12th) Denmark ST 24 Kasper Dolberg 8
22%
2017/18 (La Liga - 7th) Mexico RB 29 Miguel Layún 18 2
22%
2022/23 (La Liga - 12th) Senegal DM 23 Pape Gueye 16 1
22%
2022/23 (La Liga - 12th) Brazil LB 29 Alex Telles 38
17%
2021/22 (La Liga - 4th) Spain GK 20 Alfonso Pastor 1
17%
2020/21 (La Liga - 4th) Spain GK 19 Alfonso Pastor 1
17%
2014/15 (La Liga - 5th) Spain ST 26 Iago Aspas 25 10
17%
2022/23 (La Liga - 12th) Spain ST 21 Iván Romero 1
17%
2021/22 (La Liga - 4th) Spain ST 20 Iván Romero 10
17%
2015/16 (La Liga - 7th) Spain ST 19 Juan Muñoz 10 2
17%
2014/15 (La Liga - 5th) Spain ST 18 Juan Muñoz 2
17%
2022/23 (La Liga - 12th) Netherlands CB 27 Karim Rekik 22 1
17%
2021/22 (La Liga - 4th) Netherlands CB 26 Karim Rekik 26
17%
2020/21 (La Liga - 4th) Netherlands CB 25 Karim Rekik 22
17%
2018/19 (La Liga - 6th) France DM 29 Maxime Gonalons 13 1
17%
2018/19 (La Liga - 6th) Spain CM 29 Roque Mesa 49 3
17%
2017/18 (La Liga - 7th) Spain CM 28 Roque Mesa 7
17%
2017/18 (La Liga - 7th) Spain ST 21 Sandro Ramírez 18
17%
2018/19 (La Liga - 6th) France RB 27 Sébastien Corchia 2
17%
2017/18 (La Liga - 7th) France RB 26 Sébastien Corchia 20
17%
2017/18 (La Liga - 7th) Argentina RM 23 Walter Montoya 3
17%
2016/17 (La Liga - 4th) Argentina CM 22 Walter Montoya 4
17%
2023/24 (La Liga - 14th) Spain GK 19 Alberto Flores 1
11%
2023/24 (La Liga - 14th) Argentina ST 19 Alejo Véliz 6
11%
2015/16 (La Liga - 7th) Portugal RB 24 Diogo Figueiras 5
11%
2014/15 (La Liga - 5th) Portugal RB 23 Diogo Figueiras 38 2
11%
2023/24 (La Liga - 14th) Argentina CB 24 Federico Gattoni 4 1
11%
2014/15 (La Liga - 5th) Spain ST 20 Gerard Deulofeu 28 3
11%
2017/18 (La Liga - 7th) Argentina DM 27 Guido Pizarro 40 2
11%
2018/19 (La Liga - 6th) Brazil LB 21 Guilherme Arana 22 2
11%
2017/18 (La Liga - 7th) Brazil LB 20 Guilherme Arana 3
11%
2017/18 (La Liga - 7th) Germany DM 23 Johannes Geis 20
11%
2023/24 (La Liga - 14th) Spain CM 18 Manu Bueno 6
11%
2022/23 (La Liga - 12th) Spain CM 17 Manu Bueno 2
11%
2018/19 (La Liga - 6th) Austria CB 20 Maximilian Wöber 8
11%
2021/22 (La Liga - 4th) Morocco LW 25 Oussama Idrissi 7
11%
2020/21 (La Liga - 4th) Morocco LW 24 Oussama Idrissi 10
11%
2019/20 (La Liga - 4th) Portugal RW 23 Rony Lopes 14
11%
2016/17 (La Liga - 4th) Italy GK 29 Salvatore Sirigu 3
11%
2014/15 (La Liga - 5th) Spain CB 25 Alejandro Arribas 18
6%
2019/20 (La Liga - 4th) Spain RB 20 Alejandro Pozo 10
6%
2015/16 (La Liga - 7th) Spain CM 19 Antonio Cotán 1
6%
2014/15 (La Liga - 5th) Spain CM 18 Antonio Cotán 2
6%
2018/19 (La Liga - 6th) Spain AM 24 Borja Lasso 2
6%
2017/18 (La Liga - 7th) Spain AM 23 Borja Lasso 3
6%
2016/17 (La Liga - 4th) Spain AM 22 Borja Lasso 2
6%
2023/24 (La Liga - 14th) Spain RB 20 Darío Benavides 2
6%
2023/24 (La Liga - 14th) Spain LB 20 Diego Hormigo 1
6%
2022/23 (La Liga - 12th) Spain LB 19 Diego Hormigo 1
6%
2014/15 (La Liga - 5th) Spain CM 21 Francisco Tena 1
6%
2018/19 (La Liga - 6th) France DM 25 Ibrahim Amadou 32
6%
2020/21 (La Liga - 4th) France CB 23 Joris Gnagnon 1
6%
2018/19 (La Liga - 6th) France CB 21 Joris Gnagnon 16
6%
2017/18 (La Liga - 7th) Spain LW 17 José Lara 1
6%
2018/19 (La Liga - 6th) Spain GK 20 Juan Soriano 11
6%
2017/18 (La Liga - 7th) France LB 26 Lionel Carole 9
6%
2021/22 (La Liga - 4th) Spain RW 20 Luismi Cruz 4
6%
2015/16 (La Liga - 7th) Italy CB 29 Marco Andreolli 9
6%
2014/15 (La Liga - 5th) Argentina GK 29 Mariano Barbosa 2
6%
2018/19 (La Liga - 6th) Croatia CM 22 Marko Rog 13
6%
2016/17 (La Liga - 4th) Argentina DM 23 Matías Kranevitter 32
6%
2023/24 (La Liga - 14th) Spain LB 19 Oso 1
6%
2022/23 (La Liga - 12th) Spain CM 21 Pedro Ortiz 1
6%
2021/22 (La Liga - 4th) Spain CM 20 Pedro Ortiz 1
6%
2018/19 (La Liga - 6th) Spain LW 21 Pejiño 3
6%
2019/20 (La Liga - 4th) Spain AM 21 Pepe Mena 2
6%
2018/19 (La Liga - 6th) Spain AM 20 Pepe Mena 1
6%
2015/16 (La Liga - 7th) Uruguay CM 21 Sebastián Cristóforo 33
6%
2014/15 (La Liga - 5th) Uruguay CM 20 Sebastián Cristóforo 2
6%
2021/22 (La Liga - 4th) Spain RB 19 Valentino Fattore 1
6%
2021/22 (La Liga - 4th) Spain RW 19 Antonio Zarzana 1
0%
2020/21 (La Liga - 4th) Spain RW 18 Antonio Zarzana 1
0%
2015/16 (La Liga - 7th) Spain LB 20 José Matos 1
0%
2018/19 (La Liga - 6th) Spain CB 19 Juan Berrocal 3
0%
2022/23 (La Liga - 12th) Spain AM 21 Nacho Quintana 2
0%
2021/22 (La Liga - 4th) Spain AM 20 Nacho Quintana 1
0%
No matching quizzes found
Score Distribution
Percent of People with Each Score
Percentile by Number Answered
Your Score History
You have not taken this quiz